00490nam a2200145Ia 4500008004100000020001800041041000800059082002000067100004100087245013400128250000600262260004800268300001400316650001400330210716s2009 xx 000 0 und d a9780521132589 aeng a330.015195 BARH aBarreto, Humberto; Howland, Frank M. aIntroductory econometrics: using monte carlo simulation with microsoft excel.bUsing monte carlo simulation with microsoft excel. a1 aNew DelhibCambridge University Pressc2009 axxiii,774 aEconomics